ՀՀ Գիտությունների ազգային ակադեմիայի հիմնարար գիտական գրադարան  =   Fundamental Scientific Library of NAS RA

Նադեժդա Կոնստանտինովնա Կրուպսկայա : (Record no. 11937)

MARC details
000 -LEADER
fixed length control field 01362nam a2200349 a 4500
001 - CONTROL NUMBER
control field 000027573
003 - CONTROL NUMBER IDENTIFIER
control field AM-YEHGA
005 - DATE AND TIME OF LATEST TRANSACTION
control field 20250618070912.0
008 - FIXED-LENGTH DATA ELEMENTS--GENERAL INFORMATION
fixed length control field 001126s1982 ai | |||||||||||||arm c
040 ## - CATALOGING SOURCE
Original cataloging agency AM-YeHGA
041 1# - LANGUAGE CODE
Language code of text/sound track or separate title arm
Language code of original rus
090 ## - LOCALLY ASSIGNED LC-TYPE CALL NUMBER (OCLC); LOCAL CALL NUMBER (RLIN)
-- 12031
245 00 - TITLE STATEMENT
Title Նադեժդա Կոնստանտինովնա Կրուպսկայա :
Remainder of title Կենսագրություն /
Statement of responsibility, etc. Հեղ. կոլ. Օբիչկին և ուրիշ. ; Խմբ.՝ Լ.Ս. Պողոսյան.
260 ## - PUBLICATION, DISTRIBUTION, ETC.
Place of publication, distribution, etc. Երևան :
Name of publisher, distributor, etc. Հայաստան,
Date of publication, distribution, etc. 1982.
300 ## - PHYSICAL DESCRIPTION
Extent 556 էջ ;
Dimensions 22 սմ.
500 ## - GENERAL NOTE
General note Տողատակի ծանոթագր.
504 ## - BIBLIOGRAPHY, ETC. NOTE
Bibliography, etc. note Մատենագիտական տեղեկատու, էջ՝ 541-545
504 ## - BIBLIOGRAPHY, ETC. NOTE
Bibliography, etc. note Անվանացանկ, էջ՝ 546-552
525 ## - SUPPLEMENT NOTE
Supplement note Հավելված, էջ՝ 496-540
600 14 - SUBJECT ADDED ENTRY--PERSONAL NAME
Personal name Կրուպսկայա, Նադեժդա Կոնստանտինովնա
9 (RLIN) 37
650 14 - SUBJECT ADDED ENTRY--TOPICAL TERM
Topical term or geographic name entry element Կոմունիստական կուսակցություն
650 14 - SUBJECT ADDED ENTRY--TOPICAL TERM
Topical term or geographic name entry element ՍՄԿԿ գործիչներ
650 14 - SUBJECT ADDED ENTRY--TOPICAL TERM
Topical term or geographic name entry element Հեղափոխական գործիչներ
700 1# - ADDED ENTRY--PERSONAL NAME
Personal name Օբիչկին, Գ.Դ.
700 1# - ADDED ENTRY--PERSONAL NAME
Personal name Դրիձո, Վ.Ս.
700 1# - ADDED ENTRY--PERSONAL NAME
Personal name Մանբեկովա, Ս.Ու.
700 1# - ADDED ENTRY--PERSONAL NAME
Personal name Միխալուտինա, Դ.Կ.
700 1# - ADDED ENTRY--PERSONAL NAME
Personal name Պոդվիգինա, Ե.Պ.
700 1# - ADDED ENTRY--PERSONAL NAME
Personal name Ստեպանով, Վ.Ն.
700 1# - ADDED ENTRY--PERSONAL NAME
Personal name Պողոսյան Լ.Ս.
Relator term խմբ.
Relationship edt
942 ## - ADDED ENTRY ELEMENTS (KOHA)
Source of classification or shelving scheme Universal Decimal Classification
Koha item type Գրքեր / Books
Holdings
Withdrawn status Lost status Source of classification or shelving scheme Damaged status Not for loan Home library Current library Date acquired Total checkouts Full call number Barcode Date last seen Price effective from Koha item type Public note
    Universal Decimal Classification     Fundamental Scientific Library Fundamental Scientific Library 21/12/2016   AII/67475 220067475 21/12/2016 21/12/2016 Գրքեր / Books 30 Days Loan
    Universal Decimal Classification     Fundamental Scientific Library Fundamental Scientific Library 21/12/2016   AII/67476 220067476 21/12/2016 21/12/2016 Գրքեր / Books 30 Days Loan
    Universal Decimal Classification     Fundamental Scientific Library Fundamental Scientific Library 21/12/2016   AII/67477 220067477 21/12/2016 21/12/2016 Գրքեր / Books 30 Days Loan


ՀՀ ԳԱԱ հիմնարար գիտական գրադարան
ՀՀ,Երևան 0019
Մարշալ Բաղրամյան 24/6
հեռախոս:(374-10) 52-47-50
Հետադարձ կապ

All site content, except where otherwise noted, is licensed under a
Creative Commons License